000 00542nam a2200145 i 4500
001 bg
245 0 _aFunctional differential systems and related topics :
_bproceedings of the First International Conference held at Błażejewko, May 19-May 26, 1979 /
_ced. by Michał Kisielewicz ; The Higher College of Engineering in Zielona Góra.
260 _aZielona Góra :
_bHCE,
_c1980.
300 _a340 s. :
_bwykr. ;
_c24 cm.
040 _cBPK
041 _apol
080 _a517(061.3)
942 _cKS
008 s pl f |000 0 pol
999 _c20689
_d20689
856 _uhttp://koha.tu.koszalin.pl/cgi-bin/koha/opac-detail.pl?biblionumber=20689
_yKatalog online BPK